Normal view
MARC view
- M.H.Rashid
Entry Personal Name
001 - CONTROL NUMBER
- control field: 26342
003 - CONTROL NUMBER IDENTIFIER
- control field: NUST
005 - DATE AND TIME OF LATEST TRANSACTION
- control field: 20191202164221.0
008 - FIXED-LENGTH DATA ELEMENTS
- fixed length control field: 191202|| aca||aabn | a|a d
040 ## - CATALOGING SOURCE
- Original cataloging agency: NUST
- Transcribing agency: NUST
100 ## - HEADING--PERSONAL NAME
- Personal name: M.H.Rashid
670 ## - SOURCE DATA FOUND
- Source citation: Work cat.: (NUST)417604: M.H.Rashid, Electronics Circuits and Applications, c2014
